All Molchat Doma Songs - Statistics

General Stats
  • This quiz has been taken 68 times
  • The average score is 14 of 35
Answer Stats
Answer % Correct
Судно (Борис Рижий) (Sudno (Boris Ryzhy)
98%
Клетка (Kletka)
88%
Тоска (Toska)
86%
На дне (Na dne)
71%
Танцевать (Tancevat')
69%
Волны (Volny)
67%
Дома Молчат (Doma Molchat)
60%
Фильмы (Fil'my)
57%
Утонуть (Utonut')
52%
Коммерсанты (Kommersanty)
50%
Обречен (Obrechen)
50%
Я Не Коммунист (Ya Ne Kommunist)
50%
Люди Надоели (Ludi Nadoeli)
48%
Прогноз (Prognoz)
48%
Звезды (Zvezdy)
48%
Крыши (Kryshi)
45%
Ответа нет (Otveta net)
45%
Удалил твой номер (Udalil tvoy nomer)
40%
Не смешно (Ne smeshno)
36%
Тишина (Tishina)
33%
Машина Работает (Mashina Rabotaet)
26%
Прятки (Pryatki)
26%
Технология (Technologia)
26%
Ленинградский блюз (Leningradskiy blyuz)
24%
Люди-инвалиды (Lyudi-invalidy)
21%
По краю острова (Po krayu ostrova), with Ploho
21%
Дискотека (Diskoteka)
19%
Fear, by Ash Code
19%
Любить и выполнять (Lyubit' i vypolnyat')
19%
Небеса и Ад (Nebesa i Ad)
17%
Call Out The Liars, by d3adc0de
10%
Необычный Человек (Neobychniy Chelovek)
10%
Мёртв внутри (Mërtv vnutri), with Elektroforez
5%
Marble, feat. Paris Alexander, by Antipole
2%
Slowemotion, by Geometric Vision
2%
No matching quizzes found
Score Distribution
Percent of People with Each Score
Percentile by Number Answered
Your Score History
You have not taken this quiz